[Event "Chess Festival M. Sadoveanu"]
[Site "?"]
[Date "????.??.??"]
[Round "4"]
[White "Danilov, Ilie Vladimir"]
[Black "Navrotescu , Catalin"]
[Result "1-0"]
[WhiteElo "2357"]
[BlackElo "2397"]
[PlyCount "59"]

1. b3 e5 2. Bb2 d6 3. e3 Nf6 4. d4 exd4 5. Qxd4 Nc6 6. Bb5 Bd7 7. Bxc6 Bxc6 8.
Nf3 Be7 9. Nc3 O-O 10. O-O-O Re8 11. e4 Ng4 12. Nd5 Bf6 13. Nxf6+ Qxf6 14. Qd2
Qh6 15. Qxh6 Nxh6 16. Nd4 Rxe4 17. f3 Re7 18. Nxc6 bxc6 19. Rhe1 Rae8 20. Rxe7
Rxe7 21. Rd4 Nf5 22. Ra4 h5 23. Rxa7 Nh4 24. a4 Nxg2 25. a5 Ne1 26. a6 Nxf3 27.
Ra8+ Kh7 28. Bc3 c5 29. a7 c6 30. Rh8+ 1-0

[Event "Chess Festival M. Sadoveanu"]
[Site "?"]
[Date "????.??.??"]
[Round "6"]
[White "Ionescu, Cristian Dan"]
[Black "Navrotescu , Catalin"]
[Result "1/2-1/2"]
[WhiteElo "2257"]
[BlackElo "2397"]
[PlyCount "28"]

1. Nf3 d5 2. d4 Nf6 3. c4 dxc4 4. e3 e6 5. Bxc4 c5 6. O-O a6 7. dxc5 Bxc5 8.
Qe2 b5 9. Bd3 Nbd7 10. a4 b4 11. Nbd2 Bb7 12. e4 a5 13. e5 Nd5 14. Ne4 h6
1/2-1/2

[Event "Chess Festival M. Sadoveanu"]
[Site "?"]
[Date "????.??.??"]
[Round "7"]
[White "Navrotescu , Catalin"]
[Black "Ungureanu, Vlad"]
[Result "1-0"]
[WhiteElo "2397"]
[BlackElo "2310"]
[PlyCount "77"]

1. d4 c5 2. d5 Nf6 3. c4 d6 4. Nc3 g6 5. e4 Bg7 6. Nge2 O-O 7. Ng3 a6 8. a4 e5
9. h4 h5 10. Be2 Nbd7 11. Bg5 Qe8 12. Qd2 Nh7 13. Bh6 Ndf6 14. f3 Bxh6 15. Qxh6
Kh8 16. Qd2 Ng8 17. f4 exf4 18. Qxf4 Qe5 19. Qxe5+ dxe5 20. a5 Bd7 21. Kd2 Nhf6
22. Rhb1 Rfc8 23. b4 cxb4 24. Rxb4 Rc7 25. Rab1 Bc8 26. Na4 Nd7 27. c5 Rxc5 28.
Nxc5 Nxc5 29. Rc1 Nd7 30. Rc7 Kg7 31. Bd1 Rb8 32. Ba4 Ngf6 33. Bxd7 Bxd7 34.
Rbxb7 Rxb7 35. Rxb7 Bb5 36. Kc3 Ne8 37. Kb4 Bd3 38. Kc5 Kf6 39. Rb3 1-0

[Event "Chess Festival M. Sadoveanu"]
[Site "?"]
[Date "????.??.??"]
[Round "8"]
[White "Deseatnicov, Ivan"]
[Black "Navrotescu , Catalin"]
[Result "0-1"]
[WhiteElo "2338"]
[BlackElo "2397"]
[PlyCount "68"]

1. e4 c5 2. Nf3 e6 3. d4 cxd4 4. Nxd4 a6 5. Nc3 Nc6 6. g3 d6 7. Bg2 Bd7 8. O-O
Nf6 9. Re1 Be7 10. Nxc6 Bxc6 11. a4 O-O 12. a5 Nd7 13. Be3 b5 14. axb6 Nxb6 15.
Qd3 a5 16. Red1 Qb8 17. Ra2 Rc8 18. b3 Nd7 19. Bd4 Qb4 20. Na4 Qb7 21. Nc3 h5
22. f4 h4 23. Qe2 hxg3 24. hxg3 Qb4 25. Nd5 exd5 26. exd5 Bf6 27. c3 Bxd4+ 28.
Rxd4 Qxc3 29. Rc4 Bb5 30. Rxc3 Bxe2 31. Rxc8+ Rxc8 32. Rxe2 Nc5 33. Ra2 Nxb3
34. Kf2 Rc4 0-1

[Event "Chess Festival M. Sadoveanu"]
[Site "?"]
[Date "????.??.??"]
[Round "9"]
[White "Navrotescu , Catalin"]
[Black "Jianu, Vlad Cristian"]
[Result "0-1"]
[WhiteElo "2397"]
[BlackElo "2388"]
[PlyCount "83"]

1. d4 Nf6 2. c4 g6 3. Nc3 Bg7 4. e4 d6 5. Nf3 O-O 6. h3 Na6 7. Bg5 h6 8. Be3 e5
9. d5 Nc5 10. Nd2 a5 11. g4 Nh7 12. Qc2 b6 13. O-O-O f5 14. gxf5 gxf5 15. h4
Na6 16. exf5 Bxf5 17. Nde4 Nf6 18. Bh3 Nb4 19. Nxf6+ Rxf6 20. Qe2 Qd7 21. Bxf5
Qxf5 22. a3 Na6 23. Qc2 Raf8 24. Rhg1 Qh5 25. Rg2 Qxh4 26. Rdg1 R8f7 27. Rg4
Qh3 28. Ne4 Rf3 29. Qd2 Kh8 30. b4 axb4 31. axb4 Qh5 32. Kb2 Rh3 33. Kb3 Rh1
34. Qd1 Rxg1 35. Qxg1 Nb8 36. c5 bxc5 37. bxc5 dxc5 38. Nxc5 e4 39. Kc4 Nd7 40.
Rxe4 Qe2+ 41. Kb4 Qb2+ 42. Nb3 0-1